000 00629nam a2200217Ii 4500
003 JO-AjNU
008 230606s9999||||xx |||||||||||||| ||und||
020 _a978-107-19784-8
040 _aJO-AjNU
_beng
_erda
_cJO-AjNU
041 _aeng
050 1 4 _aPE1175.S26.2018
100 3 _aSanchez, Christina - Stockhammer,
_eauthor
_96025
245 0 0 _aEnglish Compunds and their Spelling
250 _a1 ed
264 3 1 _aNew Delhi: Cambridge University Press, 2018
300 _a396p
336 _atext
_btxt
_2rdacontent
337 _aunmediated
_bn
_2rdamedia
338 _avolume
_bnc
_2rdacarrier
650 4 _aFinancial
_96026
999 _aE3126
_c3123
_d3123